[Event "Eger Agria op 41th"]
[Site "Eger"]
[Date "2017.07.17"]
[Round "1"]
[White "Harmatosi, Jozsef"]
[Black "Gaal, Miklos"]
[Result "1-0"]
[WhiteElo "2152"]
[BlackElo "1671"]
[PlyCount "69"]
[EventDate "2017.07.17"]
[EventType "swiss"]
[EventRounds "9"]
[EventCountry "HUN"]
[SourceTitle "EXT 2020"]
[Source "ChessBase"]
[SourceDate "2019.10.17"]
[SourceVersion "1"]
[SourceVersionDate "2019.10.17"]
[SourceQuality "1"]

1. d4 d5 2. Nf3 Nf6 3. e3 e6 4. Nbd2 Nbd7 5. Bd3 Be7 6. 0-0 b6 7. e4 Bb7 8. e5 Nh5 9. g3 g6 10. Ne1 0-0 11. f4 Ng7 12. g4 c5 13. c3 cxd4 14. cxd4 a6 15. Ndf3 b5 16. Ng2 Rc8 17. f5 exf5 18. gxf5 gxf5 19. Bh6 Rc6 20. Bxg7 Kxg7 21. Bxf5 Rg8 22. Qd3 Nf8 23. Nf4 Kh8+ 24. Kh1 Rh6 25. Qe3 Bg5 26. Rg1 Rh5 27. Rg4 Bc8 28. Bxc8 Qxc8 29. Rag1 h6 30. Qd3 f5 31. exf6 Qe8 32. Nxh5 Qxh5 33. Qf5 Nh7 34. f7 Rf8 35. Qe5+ 1-0